|
|
|
|
| LEADER |
00000nam a2200000 a 4500 |
| 001 |
vtls001362841 |
| 003 |
SK-MaSNL |
| 005 |
20260301050314.0 |
| 008 |
251113s1980 xr 0 cze |
| 035 |
|
|
|a SNK000316438
|
| 040 |
|
|
|a SNK
|b slo
|c SNK
|e AACR2
|
| 041 |
0 |
|
|a cze
|
| 044 |
|
|
|a CZ
|
| 080 |
|
|
|a 884-23=850
|2 1981
|
| 100 |
1 |
|
|a Kakolewski, Krzysztof
|4 aut
|9 355729
|
| 245 |
1 |
0 |
|a Jak se vám daří
|b divadelní reportáž
|c Krzysztof Kakolewski ; z pol. orig. přel. Roman Mecnarowski
|
| 260 |
|
|
|a Praha
|b Dilia
|c [1980]
|
| 300 |
|
|
|a 83, [1] s.
|c 8°
|
| 490 |
1 |
|
|a Malá řada socialistických autorů
|v sv. 55
|
| 650 |
0 |
7 |
|a poľská literatúra
|2 SNK
|9 1201
|
| 650 |
0 |
7 |
|a hry divadelné poľské
|2 SNK
|9 308461
|
| 830 |
|
0 |
|a Malá řada socialistických autorů
|9 355730
|
| 958 |
|
|
|a RK
|
| 958 |
|
|
|a OND
|
| 999 |
|
|
|c 600613
|d 602543
|
| 952 |
|
|
|t P60, <04>, [BOOK], {604}
|a SNK
|b SNK
|y VYP
|7 0
|o snkIC 82354
|i snkKIP 10898/80
|0 0
|1 0
|4 0
|d 1999-05-11
|l 0
|r 2005-01-02 00:00:00
|w 2026-02-23
|